| 000 -LEADER |
| fixed length control field |
00757nam a22001337a 4500 |
| 040 ## - CATALOGING SOURCE |
| Transcribing agency |
RUA |
| 082 ## - DEWEY DECIMAL CLASSIFICATION NUMBER |
| Classification number |
AGR HOR 2017 B644 Or.1 |
| 100 ## - MAIN ENTRY--AUTHOR NAME |
| Personal name |
HOR SEAKHUOY ហោ សៀកហួយ |
| 245 ## - TITLE STATEMENT |
| Title |
comparision of different rates of 20.20.15 fertilizer on bunching onion (Allium fitstulosum) at royal university of agriculture ប្រៀធៀបជី( ២០ ២០ ១៥) ក្នុងកម្រិតខុសៗគ្នានៅលើដំណាំខ្ទឹមស្លឹកនៅសាកលវិទ្យាល័យភូមិន្ទកសិកម្ម |
| 260 ## - PUBLICATION, DISTRIBUTION, ETC. (IMPRINT) |
| Place of publication |
RUA |
| Name of publisher |
Phnom Penh |
| Year of publication |
2017 |
| 300 ## - PHYSICAL DESCRIPTION |
| Number of Pages |
v;32p |
| Other physical details |
ill; |
| Dimensions |
29cm |
| 856 ## - ELECTRONIC LOCATION AND ACCESS |
| Uniform Resource Identifier |
https://drive.google.com/file/d/1s25aRL6nBD5GDOOkIU7-EwIttlsZ8Lu5/view?usp=sharing |
| 942 ## - ADDED ENTRY ELEMENTS (KOHA) |
| Koha item type |
AGR |
| 952 ## - LOCATION AND ITEM INFORMATION (KOHA) |
| Withdrawn status [LOCAL, KOHA] |
0 |
| 952 ## - LOCATION AND ITEM INFORMATION (KOHA) |
| Withdrawn status [LOCAL, KOHA] |
0 |
| 952 ## - LOCATION AND ITEM INFORMATION (KOHA) |
| Withdrawn status [LOCAL, KOHA] |
0 |
| 952 ## - LOCATION AND ITEM INFORMATION (KOHA) |
| Withdrawn status [LOCAL, KOHA] |
0 |
| 952 ## - LOCATION AND ITEM INFORMATION (KOHA) |
| Withdrawn status [LOCAL, KOHA] |
0 |
| 952 ## - LOCATION AND ITEM INFORMATION (KOHA) |
| Withdrawn status [LOCAL, KOHA] |
0 |